El hospital de la transfiguración / (Registro nro. 36057)

Detalles MARC
000 -CABECERA
Longitud fija campo de control 00995nam a2200289 a 4500
003 - • IDENTIFICADOR DELl NÚMERO DE CONTROL
Identificador del número de control CO-ViMGA
005 - • FECHA Y HORA DE LA ÚLTIMA TRANSACCIÓN
Fecha y hora de la última transacción 20230915233145.0
008 - • CÓDIGOS DE INFORMACIÓN DE LONGITUD FIJA
Códigos de información de longitud fija 090130s2008 sp gr 0001f spa d
020 ## - • NÚMERO INTERNACIONAL NORMALIZADO PARA LIBROS
Número Internacional Normalizado para Libros (ISBN) 9788493592769
040 ## - FUENTE DE LA CATALOGACIÓN
Centro catalogador de origen CO-ViMGA
Lengua de catalogación spa
Centro transcriptor CO-ViMGA
041 1# - • CÓDIGO DE LENGUA
Código de lengua original pol
043 ## - CÓDIGO DE ÁREA GEOGRÁFICA
Código de área geográfica e-po---
082 04 - • NÚMERO DE LA CLASIFICACIÓN DECIMAL DEWEY
Número de clasificación (R) 891.853
Número del ítem L35h
Número de edición 19
100 1# - • PUNTO DE ACCESO PRINCIPAL-NOMBRE DE PERSONA
Nombre de persona Lem, Stanislaw,
Fechas asociadas al nombre 1921-2006.
245 13 - • TITULO PROPIAMENTE DICHO
Título El hospital de la transfiguración /
Mención de responsabilidad, etc. Stanislaw Lem ; traducción del polaco a cardo de Joanna Bardzinska ; introducción de Fernando Marías.
250 ## - • MENCIÓN DE EDICIÓN
Mención de edición 3a. ed.
300 ## - • DESCRIPCIÓN FÍSICA
Extensión 328 p. ;
Dimensiones 20 cm.
534 ## - • Nota De Versión Original
-- Título original :
Título Szpital przemienienia.
650 14 - • PUNTO DE ACCESO ADICIONAL DE MATERIA - TÉRMINO DE MATERIA
Término de materia o nombre geográfico como elemento inicial Novela polaca.
650 #6 - • PUNTO DE ACCESO ADICIONAL DE MATERIA - TÉRMINO DE MATERIA
Término de materia o nombre geográfico como elemento inicial Enfermedades mentales
Subdivisión de forma Novela.
650 #6 - • PUNTO DE ACCESO ADICIONAL DE MATERIA - TÉRMINO DE MATERIA
Término de materia o nombre geográfico como elemento inicial Hospitales psiquiátricos
Subdivisión de forma Novela.
650 #6 - • PUNTO DE ACCESO ADICIONAL DE MATERIA - TÉRMINO DE MATERIA
Término de materia o nombre geográfico como elemento inicial Locura
Subdivisión de forma Novela.
700 1# - • PUNTO DE ACCESO ADICIONAL - NOMBRE DE PERSONA
Nombre de persona Bardzinska, Joanna,
Término indicativo de función tr.
700 1# - • PUNTO DE ACCESO ADICIONAL - NOMBRE DE PERSONA
Nombre de persona Marías, Fernando,
Fechas asociadas al nombre 1949-.
942 ## - ENTRADA DE ELEMENTOS AGREGADOS (KOHA)
Fuente de clasificaión o esquema Dewey Decimal Classification
Koha [por defecto] tipo de item LIbro
Existencias
Perdido Fuente de clasificación o esquema Estado Físico No para préstamo Forma de adquisición Localización permanente Localización actual Fecha adquisición Préstamos totales Signatura completa Código de barras Fecha última consulta Número de copia Fecha del precio de reemplazo Tipo de item de Koha
  Dewey Decimal Classification     Sala General Segundo Piso Biblioteca Pública Germán Arciniegas - Villavicencio Biblioteca Pública Germán Arciniegas - Villavicencio 09/07/2016   891.853 L35h 31053 09/07/2016 Ej. 1 09/07/2016 LIbro









Instituto Departamental de Cultura del Meta - Red Departamental de Bibliotecas Públicas del Meta.